Experimental designs / (Record no. 172055)

MARC details
000 -LEADER
fixed length control field 00977nam a22003015i 4500
001 - CONTROL NUMBER
control field 21790018
003 - CONTROL NUMBER IDENTIFIER
control field OSt
005 - DATE AND TIME OF LATEST TRANSACTION
control field 20250623121559.0
008 - FIXED-LENGTH DATA ELEMENTS--GENERAL INFORMATION
fixed length control field 201105s2022 cau 000 0 eng
020 ## - INTERNATIONAL STANDARD BOOK NUMBER
International Standard Book Number 9781526426628 (paperback)
024 ## - OTHER STANDARD IDENTIFIER
Terms of availability USD 43
040 ## - CATALOGING SOURCE
Original cataloging agency DLC
Language of cataloging eng
Description conventions rda
Transcribing agency DLC
Modifying agency NUST
050 ## - LIBRARY OF CONGRESS CALL NUMBER
Classification number QA279 ARI
100 1# - MAIN ENTRY--PERSONAL NAME
Personal name Ariel, Barak
Relator term Author
245 10 - TITLE STATEMENT
Title Experimental designs /
Statement of responsibility, etc. Barak Ariel, Matthew Bland and Alex Sutherland.
260 ## - PUBLICATION, DISTRIBUTION, ETC.
Place of publication, distribution, etc. Los Angeles :
Name of publisher, distributor, etc. SAGE,
Date of publication, distribution, etc. ©2021.
300 ## - PHYSICAL DESCRIPTION
Extent xiii, 224 pages ;
Dimensions 25 cm.
336 ## - CONTENT TYPE
Content type term text
Content type code txt
Source rdacontent
337 ## - MEDIA TYPE
Media type term unmediated
Media type code n
Source rdamedia
338 ## - CARRIER TYPE
Carrier type term volume
Carrier type code nc
Source rdacarrier
440 ## - SERIES STATEMENT/ADDED ENTRY--TITLE
Title The SAGE quantitative research kit.
504 ## - BIBLIOGRAPHY, ETC. NOTE
Bibliography, etc. note Includes bibliographical references and index.
650 ## - SUBJECT ADDED ENTRY--TOPICAL TERM
Form subdivision Quantitative research design.
650 ## - SUBJECT ADDED ENTRY--TOPICAL TERM
Form subdivision Research design.
700 1# - ADDED ENTRY--PERSONAL NAME
Personal name Bland, Matthew
Relator term Author
700 1# - ADDED ENTRY--PERSONAL NAME
Personal name Sutherland, Alex
Relator term Author
942 ## - ADDED ENTRY ELEMENTS (KOHA)
Source of classification or shelving scheme Library of Congress Classification
Koha item type Ordinary Loan Books
Classification part QA279 ARI
Call number prefix QA
Call number suffix ARI
Suppress in OPAC No
Holdings
Withdrawn status Lost status Source of classification or shelving scheme Damaged status Not for loan Collection Home library Current library Shelving location Date acquired Source of acquisition Cost, normal purchase price Total Checkouts Full call number Barcode Date last seen Accession number Cost, replacement price Price effective from Koha item type Public note
    LCC     NFIC MAIN MAIN GEN 06/19/2025 Book Aid International 43.00   QA279 ARI 92004055439 06/19/2025 61417 43.00 06/19/2025 BOOKS Donation